| 000 | 01483nam a2200241 a 4500 | ||
|---|---|---|---|
| 001 | 000028808 | ||
| 005 | 20240508073816.0 | ||
| 008 | 110412s2010 dr a 001 0 spa d | ||
| 020 | _a9789945074093 | ||
| 040 |
_aDO-SdBNP _bspa _cBNPHU |
||
| 082 |
_a917.293 _bF727p, 2010 |
||
| 100 | 1 |
_aForné Farreres, José, _d1916-1975 _955787 |
|
| 245 | 1 | 0 |
_aPaisaje y acento : _bimpresiones de un español en la República Dominicana / _cJosé Forné Farreres. |
| 250 | _a2ª ed. | ||
| 260 |
_aSanto Domingo : _bComisión Permanente de Efemérides Patrias, _c2010. |
||
| 300 |
_a140 p. : _bil. ; _c22 cm. |
||
| 490 | 1 |
_aArchivo General de la Nación _v116 |
|
| 505 | 0 |
_aEn torno a esta obra y a esta actitud / _rPedro Mir -- _tUnas palabras / _rConstancio Bernaldo de Quiróz -- _tNueva presencia de España en América -- _tHigüey, archivo de cortesía -- _tMercados, calenturas de humanidad -- _tLas peleas de gallos, su persistencia en la Dominicana -- _t¡Friquitín!, honduras de acento -- _tBaile de palos, fiesta pagana de luna y de campo -- _tAzúcar, tragedia y romance -- _tGapeas y merengues -- _tGüibia, nocturnal en el trópico -- _tVoudou, una noche con los «endemoniados» -- _tCiudad Trujillo, enseñanzas del pasado y un presente. |
|
| 650 | 4 |
_aViajeros españoles _xCorrespondencia, memorias, etc. _937812 |
|
| 651 | 4 |
_aRepública Dominicana _xVida Social Y Costumbres _9405 |
|
| 651 | 4 |
_aRepública Dominicana _xDescripciones Y Viajes _91651 |
|
| 910 | _aValidado. Control de calidad EMS | ||
| 999 |
_c28300 _d28300 |
||